| 000 | 01098nas a2200361 4500 | ||
|---|---|---|---|
| 001 | BR0602965 | ||
| 003 | BR-BrBNA | ||
| 005 | 20231205110107.0 | ||
| 007 | ta | ||
| 008 | 230509b bl.|||p| |||| 00| 00por d | ||
| 040 |
_aBR-BrBNA _bpor _cBiblioteca Nacional de Agricultura |
||
| 041 | _a(Pt) | ||
| 072 | _aE16 | ||
| 100 | 1 | _aMoraes, A.C.A. | |
| 100 | 1 | _aCoelho, S.G. | |
| 100 | 1 | _aRuas, J.R.M. | |
| 100 | 1 | _aRibeiro, J.C.V.C. | |
| 100 | 1 | _aVieira, F.A.P. | |
| 100 | 1 | _aMenezes, A.C. | |
| 245 | 1 | _aEstudo técnico e econômico de um sistema de produção de leite com gado mestiço F1 Holandês-Zebu | |
| 650 | _aGADO LEITEIRO | ||
| 650 | _aGADO HOLANDÊS | ||
| 650 | _aGADO ZEBU | ||
| 650 | _aPRODUÇÃO LEITEIRA | ||
| 650 | _aCUSTO | ||
| 650 | _aSISTEMA DE PRODUÇÃO | ||
| 650 | _aRENTABILIDADE | ||
| 650 | _aANÁLISE ECONÔMICA | ||
| 650 | _aMINAS GERAIS | ||
| 773 | 0 |
_tArquivo Brasileiro de Medicina Veterinária e Zootecnia (Brazil) _xISSN 0102-0935 _g(Dec 2004), v. 56(6) p. 745-749 _wBR0602965 |
|
| 909 |
_a202311 _bLúcia _c55 _dLúcia Elande |
||
| 942 |
_2AGRIS _n0 _cANA |
||
| 999 |
_c186182 _d186182 |
||